000 00324nam a22001457a 4500
003 OSt
005 20160727222351.0
008 160622b xxu||||| |||| 00| 0 eng d
040 _cTest
100 _9401
_aSumer
245 _aGuide To Chemistry
260 _aN.D
_b Sumer Book
300 _aGuide To Chemistry
942 _2ddc
_cBK
999 _c327
_d327